Móra Ferenc tanulmányi érmek kiosztása ünnepség az úttörőházban
Elmentve itt :
| Dokumentumtípus: | Cikk |
|---|---|
| Megjelent: |
1964-02-15
|
| Sorozat: | Délmagyarország
54 No. 38 |
| Kulcsszavak: | Móra Ferenc, Takó Tivadar, Csongor Győző, Ünnepség iskolai Szeged 1964, általános iskola |
| Online Access: | http://dmarchiv.bibl.u-szeged.hu/73520 |
| LEADER | 00528nab a2200145 i 4500 | ||
|---|---|---|---|
| 001 | delm73520 | ||
| 005 | 20180928082632.0 | ||
| 008 | 180928s1964 hu o 0|| hun d | ||
| 040 | |a SZTE Délmagyarország Archívum |b hun | ||
| 041 | |a hun | ||
| 245 | 0 | 0 | |a Móra Ferenc tanulmányi érmek kiosztása |h [elektronikus dokumentum] : |b ünnepség az úttörőházban |
| 260 | |c 1964-02-15 | ||
| 300 | |a 5 | ||
| 490 | 0 | |a Délmagyarország |v 54 No. 38 | |
| 695 | |a Móra Ferenc, Takó Tivadar, Csongor Győző, Ünnepség iskolai Szeged 1964, általános iskola | ||